=LDR 00000nam 2200000 4500 =001 INLIS000000000031114 =005 20130612133215 =008 ***********************************ind** =035 ##$$0010-061300000031114 =041 ##$$a ind =082 ##$$a 615.5 =090 ##$$a 615.5, Tai r =100 ##$$a Tairas, Z.H Tarumetor =245 ##$$a Refleksoligi, Penyembuhan penyakit dengan pijat pembuluh darah dan pusat suraf, Z.H Taruketor Tairas =260 ##$$a 2007 $b Jakarta =300 ##$$a ix,171 hlm, ilus, 23 cm =650 ##$$a TRAfi =850 ##$$a NBPNMAT